000 00713nam a2200193 i 4500
001 170247
003 ES-MaACL
005 20240510063136.0
008 090216s1940 it |||| | fre d
080 _a821.131.1-2"19"
100 1 _aD'Annunzio, Gabriele,
_d1863-1938
_942351
245 1 3 _aLe chèvrefeuille
_b: [tragédie en trois actes (1914)] /
_cGabriele D'Annunzio.
260 _a[Roma] :
_bIl Vittoriale degli Italiani,
_c1940-XVIII.
300 _a179 p. ;
_c23 cm.
490 1 _aOpere di Gabriele D'Annunzio ;
_v32
830 0 _aOpere di Gabriele D'Annunzio ;
_v32
_9222996
852 4 _aES-MaACL
_jE-12462
_9R.140584
_z. - Biblioteca Jacinto Martínez Lacalle
999 _c170247
_d170247